[Event "Olimpiade 2014 - Open"]
[Site "Tromsø"]
[Date "04.08.2014"]
[Round "3.8"]
[Board "2"]
[White "Perunovic, Milos"]
[Black "Gretarsson, Hjorvar Steinn"]
[Result "1/2-1/2"]
[WhiteTitle "GM"]
[BlackTitle "GM"]
[WhiteElo "2602"]
[BlackElo "2543"]
[WhiteTeam "Serbia"]
[BlackTeam "Iceland"]
[WhiteFideId "921629"]
[BlackFideId "2302241"]
[EventDate "2014.08.02"]

1. e4 e5 2. Nf3 Nc6 3. Bb5 a6 4. Ba4 Nf6 5. O-O Be7 6. Re1 b5 7. Bb3 d6 8. c3
O-O 9. d4 Bg4 10. d5 Na5 11. Bc2 c6 12. h3 Bc8 13. dxc6 Qc7 14. Nbd2 Qxc6 15.
Nf1 Nc4 16. Ng3 Re8 17. a4 Bd7 18. b3 Na5 19. Bd2 Qc7 20. axb5 axb5 21. Nf5 Bf8
22. Ne3 g6 23. b4 Nc6 24. Qe2 Ne7 25. Bd3 Qb7 26. c4 Bg7 27. Nd5 Rxa1 28. Rxa1
bxc4 29. Nxf6+ Bxf6 30. Bxc4 d5 31. Ba6 Qb6 32. Bd3 Bg7 33. Ra5 f5 34. Bb5 Bxb5
35. Rxb5 Qa6 36. exd5 h6 37. d6 Qxd6 38. Nxe5 Nd5 39. Qd3 Rxe5 40. f4 Re4 41.
Qxd5+ Qxd5 42. Rxd5 Bd4+ 43. Kf1 Kf7 44. b5 Be3 45. Bxe3 Rxe3 46. b6 Rb3 47. Rd6
Rb4 48. g3 g5 49. Rxh6 gxf4 50. gxf4 Rxf4+ 51. Kg2 Kg7 52. Rc6 Rb4 53. Kg3 Kh7
54. h4 Kg7 55. h5 Kh7 56. h6 Kg8 57. Kf3 Kh8 58. Rf6 Kg8 59. Ke3 f4+ 60. Kf3 Kh8
61. Kg4 Kh7 62. Rd6 Kh8 63. Rg6 Kh7 64. Rf6 Kg8 65. Kg5 f3 66. Kg6 Rg4+ 67. Kh5
Rb4 1/2-1/2

[Event "Olimpiade 2014 - Open"]
[Site "Tromsø"]
[Date "04.08.2014"]
[Round "3.8"]
[Board "3"]
[White "Thorhallsson, Throstur"]
[Black "Sedlak, Nikola"]
[Result "0-1"]
[WhiteTitle "GM"]
[BlackTitle "GM"]
[WhiteElo "2426"]
[BlackElo "2554"]
[WhiteTeam "Iceland"]
[BlackTeam "Serbia"]
[WhiteFideId "2300109"]
[BlackFideId "922900"]
[EventDate "2014.08.02"]

1. e4 e6 2. d4 d5 3. Nc3 Nf6 4. Bg5 Bb4 5. exd5 Qxd5 6. Bxf6 Bxc3+ 7. bxc3 gxf6
8. Qg4 Qg5 9. Qf3 Nc6 10. h4 Qa5 11. Ne2 f5 12. g3 Bd7 13. Bg2 Nd8 14. Qh5 Bc6
15. Bxc6+ Nxc6 16. O-O Ne7 17. Rfe1 Nd5 18. Rab1 Qa6 19. c4 Nf6 20. Qh6 Ng4 21.
Qf4 O-O-O 22. f3 Nf6 23. Rb5 Qxa2 24. Rc5 c6 25. Nc3 Qa6 26. Nb5 Ne8 27. Rb1 Rg8
28. Kh1 Qa2 29. Qc1 Qa6 30. Ra1 Qb6 31. Nxa7+ Kd7 32. Qe3 Nd6 33. d5 cxd5 34.
cxd5 e5 35. Ra3 Rxg3 36. Rb3 Rdg8 37. Kh2 Rg2+ 38. Kh1 Rg1+ 39. Kh2 R8g2+ 40.
Kh3 Rg3+ 41. Kh2 Qa6 42. Rcb5 Nxb5 43. Qxe5 R1g2+ 44. Kh1 Nd6 0-1

[Event "Olimpiade 2014 - Open"]
[Site "Tromsø"]
[Date "04.08.2014"]
[Round "3.8"]
[Board "4"]
[White "Indjic, Aleksandar"]
[Black "Olafsson, Helgi"]
[Result "1/2-1/2"]
[WhiteTitle "GM"]
[BlackTitle "GM"]
[WhiteElo "2539"]
[BlackElo "2555"]
[WhiteTeam "Serbia"]
[BlackTeam "Iceland"]
[WhiteFideId "911925"]
[BlackFideId "2300010"]
[EventDate "2014.08.02"]

1. d4 Nf6 2. c4 e6 3. Nf3 b6 4. a3 Ba6 5. Qc2 Bb7 6. Nc3 c5 7. e4 cxd4 8. Nxd4
Bc5 9. Nb3 Nc6 10. Nxc5 bxc5 11. Be3 d6 12. O-O-O Qe7 13. Nb5 O-O-O 14. f3 e5
15. b4 Kb8 16. Qa4 a6 17. Nc3 Nd4 18. b5 axb5 19. Nxb5 Bc6 20. Rd2 Bxb5 21. cxb5
d5 22. Rb2 Qa7 23. Qxa7+ Kxa7 24. exd5 Nxd5 25. Bf2 Kb6 26. Bc4 Rd7 27. Re1 f6
28. Bxd5 Rxd5 29. f4 Ra8 30. Re3 Ra5 31. fxe5 Rxe5 32. Rh3 h5 33. Bxd4 cxd4 34.
Rhb3 Raxb5 35. Rxb5+ Rxb5 36. Rxb5+ Kxb5 37. Kd2 Ka4 38. Kd3 Kxa3 39. Kxd4 Kb3
40. Ke4 Kc4 41. Kf5 Kd4 42. Kg6 Ke3 43. Kxg7 Kf2 44. Kxf6 Kxg2 45. h4 Kf3 46.
Kg5 Ke4 47. Kxh5 Kf5 1/2-1/2

[Event "Olimpiade 2014 - Open"]
[Site "Tromsø"]
[Date "04.08.2014"]
[Round "3.9"]
[Board "1"]
[White "Pelletier, Yannick"]
[Black "Le, Quang Liem"]
[Result "1/2-1/2"]
[WhiteTitle "GM"]
[BlackTitle "GM"]
[WhiteElo "2578"]
[BlackElo "2710"]
[WhiteTeam "Switzerland"]
[BlackTeam "Vietnam"]
[WhiteFideId "1301837"]
[BlackFideId "12401137"]
[EventDate "2014.08.02"]

1. Nf3 d5 2. d4 Nf6 3. c4 c6 4. cxd5 cxd5 5. Nc3 Nc6 6. Bf4 Bf5 7. Qb3 Na5 8.
Qa4+ Bd7 9. Qc2 e6 10. e3 Bb4 11. Bd3 Nh5 12. Be5 f6 13. Bxh7 Nc4 14. Bg6+ Kf8
15. Bxh5 fxe5 16. Bg4 e4 17. Ne5 Nxe5 18. dxe5 Qg5 19. Bh3 Qxe5 20. O-O Ke7 21.
Ne2 Bd6 22. Ng3 Raf8 23. Bg4 Qg5 24. Qe2 a6 25. a4 Qh4 26. h3 Bxg3 27. fxg3 Qxg3
28. Qd2 Qd6 29. Rxf8 Rxf8 30. Qc3 Kf7 31. Rf1+ Kg8 32. Rxf8+ Kxf8 33. a5 Bc6 34.
Qe1 Be8 35. Qc3 Bc6 36. Qe1 Kg8 37. Qh4 e5 38. Bf5 g6 39. Qh6 Be8 40. h4 Qf6 41.
Bc8 Qc6 42. Bg4 d4 43. h5 dxe3 44. hxg6 Bxg6 45. Be2 Kf7 46. Qxe3 Qd5 47. Qb6
Bf5 48. Qc7+ Kf6 49. Bc4 Qd4+ 50. Kh2 Bg6 51. b3 e3 52. Qxb7 Qh4+ 53. Kg1 Qf2+
54. Kh2 Qh4+ 55. Kg1 Qe1+ 56. Kh2 Qh4+ 1/2-1/2

[Event "Olimpiade 2014 - Open"]
[Site "Tromsø"]
[Date "04.08.2014"]
[Round "3.9"]
[Board "2"]
[White "Nguyen, Ngoc Truong Son"]
[Black "Gallagher, Joseph G."]
[Result "1-0"]
[WhiteTitle "GM"]
[BlackTitle "GM"]
[WhiteElo "2634"]
[BlackElo "2473"]
[WhiteTeam "Vietnam"]
[BlackTeam "Switzerland"]
[WhiteFideId "12401110"]
[BlackFideId "1303422"]
[EventDate "2014.08.02"]

1. d4 Nf6 2. Nf3 g6 3. Bf4 Bg7 4. e3 d6 5. Be2 O-O 6. O-O Nc6 7. h3 e5 8. Bh2
exd4 9. exd4 Re8 10. Nc3 Bf5 11. Bd3 Qc8 12. a3 Bxd3 13. Qxd3 a6 14. Bf4 Ne7 15.
Rae1 Qf5 16. Qxf5 Nxf5 17. Bg5 Rxe1 18. Rxe1 Re8 19. Kf1 Kf8 20. Rd1 h6 21. Bxf6
Bxf6 22. Nd5 Bd8 23. c3 c6 24. Nf4 d5 25. Ne5 g5 26. Nd7+ Ke7 27. Nc5 Nd6 28.
Nh5 f6 29. g4 Kf7 30. Ng3 Bb6 31. Nd3 Kg6 32. Kg2 Bc7 33. a4 Nf7 34. Nf5 Nd6 35.
Ne3 f5 36. Ne5+ Kf6 37. gxf5 Nxf5 38. N5g4+ Kg6 39. Nxf5 Kxf5 40. Nxh6+ Kg6 41.
Ng4 Re2 42. b4 Bf4 43. b5 axb5 44. axb5 Rc2 45. bxc6 bxc6 46. Rd3 Rd2 47. Rf3
Kf5 48. Ne3+ Ke4 49. Nf1 Rd1 50. Ng3+ Bxg3 51. Rxg3 Kf5 52. Re3 Rc1 53. Kf3 Rc2
54. Kg3 Rc1 55. Rf3+ Ke4 56. Kg4 Rg1+ 57. Rg3 1-0

[Event "Olimpiade 2014 - Open"]
[Site "Tromsø"]
[Date "04.08.2014"]
[Round "3.9"]
[Board "3"]
[White "Hug, Werner"]
[Black "Nguyen, Duc Hoa"]
[Result "1/2-1/2"]
[WhiteTitle "IM"]
[BlackTitle "IM"]
[WhiteElo "2474"]
[BlackElo "2501"]
[WhiteTeam "Switzerland"]
[BlackTeam "Vietnam"]
[WhiteFideId "1300040"]
[BlackFideId "12401358"]
[EventDate "2014.08.02"]

1. d4 Nf6 2. c3 g6 3. Bg5 Bg7 4. Nd2 O-O 5. Ngf3 d6 6. e3 b6 7. Bc4 Bb7 8. O-O
Nbd7 9. a4 a6 10. b4 Ra7 11. Re1 Qa8 12. Qb3 e6 13. Bd3 h6 14. Bxf6 Bxf6 15. Qb1
Bg7 16. Be4 d5 17. Bd3 e5 18. dxe5 Nxe5 19. Nxe5 Bxe5 20. Qc2 Bg7 21. Bf1 Qd8
22. Nb3 Qf6 23. Rac1 Raa8 24. a5 Rfc8 25. Qd2 Rab8 26. axb6 cxb6 27. Nd4 Ra8 28.
Rb1 Qd6 29. Rb3 Rc7 30. Ra1 b5 31. Rd1 1/2-1/2

[Event "Olimpiade 2014 - Open"]
[Site "Tromsø"]
[Date "04.08.2014"]
[Round "3.9"]
[Board "4"]
[White "Nguyen, Van Huy"]
[Black "Kurmann, Oliver"]
[Result "0-1"]
[WhiteTitle "IM"]
[BlackTitle "IM"]
[WhiteElo "2439"]
[BlackElo "2423"]
[WhiteTeam "Vietnam"]
[BlackTeam "Switzerland"]
[WhiteFideId "12401064"]
[BlackFideId "1308173"]
[EventDate "2014.08.02"]

1. d4 Nf6 2. Nf3 e6 3. c4 c5 4. g3 cxd4 5. Nxd4 d5 6. Bg2 e5 7. Nf3 d4 8. O-O
Nc6 9. e3 Be7 10. exd4 exd4 11. Bf4 O-O 12. Ne5 Qb6 13. Qb3 Na5 14. Qxb6 axb6
15. Nd2 Nh5 16. Nb3 Nxf4 17. gxf4 Rd8 18. Nxa5 Rxa5 19. Bd5 Kf8 20. Rfd1 b5 21.
Bxf7 Bf6 22. Bd5 Bf5 23. Nd3 g6 24. a3 Kg7 25. Rac1 bxc4 26. Bxc4 Rc8 27. f3 b6
28. Kg2 h5 29. Kg3 Kh6 30. Kg2 Kg7 31. Kg3 Ra7 32. Bb5 Rxc1 33. Nxc1 Rc7 34. Nb3
Rc2 35. Rd2 d3 36. Kf2 Bd4+ 37. Ke1 Be3 38. Rxd3 Bxd3 39. Bxd3 Rxb2 0-1

[Event "Olimpiade 2014 - Open"]
[Site "Tromsø"]
[Date "04.08.2014"]
[Round "3.10"]
[Board "2"]
[White "Svidler, Peter"]
[Black "Colovic, Aleksandar"]
[Result "1-0"]
[WhiteTitle "GM"]
[BlackTitle "GM"]
[WhiteElo "2751"]
[BlackElo "2487"]
[WhiteTeam "Russia"]
[BlackTeam "FYROM"]
[WhiteFideId "4102142"]
[BlackFideId "15000729"]
[EventDate "2014.08.02"]

1. e4 c5 2. Nf3 e6 3. d4 cxd4 4. Nxd4 Nf6 5. Nc3 d6 6. g4 h6 7. h3 a6 8. Bg2 Be7
9. f4 Nfd7 10. O-O Nc6 11. Nce2 O-O 12. Be3 Qc7 13. c3 Re8 14. Qd2 Bf8 15. Rad1
Rb8 16. Ng3 Qa5 17. Nf3 b5 18. b3 d5 19. exd5 exd5 20. Nd4 Nxd4 21. Bxd4 b4 22.
g5 bxc3 23. Bxc3 Qb6+ 24. Bd4 Nc5 25. Rc1 Qb5 26. gxh6 g6 27. f5 Ne4 28. fxg6
fxg6 29. Rc7 Bd7 30. Nxe4 Rxe4 31. Qg5 1-0

[Event "Olimpiade 2014 - Open"]
[Site "Tromsø"]
[Date "04.08.2014"]
[Round "3.10"]
[Board "3"]
[White "Pancevski, Filip"]
[Black "Karjakin, Sergey"]
[Result "0-1"]
[WhiteTitle "IM"]
[BlackTitle "GM"]
[WhiteElo "2464"]
[BlackElo "2786"]
[WhiteTeam "FYROM"]
[BlackTeam "Russia"]
[WhiteFideId "15002187"]
[BlackFideId "14109603"]
[EventDate "2014.08.02"]

1. e4 c5 2. Nf3 d6 3. Bb5+ Nd7 4. O-O a6 5. Bd3 Ngf6 6. c3 b5 7. Bc2 Bb7 8. Re1
c4 9. b4 e5 10. a4 Be7 11. Qe2 O-O 12. axb5 axb5 13. Rxa8 Qxa8 14. Na3 Bc6 15.
d4 Qa6 16. Bb2 exd4 17. Nxd4 Re8 18. Qd1 Bf8 19. f3 g6 20. Bb1 Ne5 21. Bc1 Nh5
22. f4 Nd7 23. Nxc6 Qxc6 24. Qf3 Nhf6 25. h3 Bg7 26. Kh2 Qb7 27. Bd2 Qa6 28. Nc2
Nf8 29. Ne3 Qa3 30. Rd1 Qa8 31. Nd5 Nxd5 32. exd5 Nd7 33. Be1 Qa3 34. Kh1 Qb2
35. Bd2 Ra8 36. f5 Ra1 37. fxg6 hxg6 38. Qf1 Bxc3 0-1

[Event "Olimpiade 2014 - Open"]
[Site "Tromsø"]
[Date "04.08.2014"]
[Round "3.10"]
[Board "4"]
[White "Nepomniachtchi, Ian"]
[Black "Bogdanovski, Vlatko"]
[Result "1-0"]
[WhiteTitle "GM"]
[BlackTitle "GM"]
[WhiteElo "2714"]
[BlackElo "2426"]
[WhiteTeam "Russia"]
[BlackTeam "FYROM"]
[WhiteFideId "4168119"]
[BlackFideId "15000206"]
[EventDate "2014.08.02"]

1. e4 c6 2. d4 d5 3. e5 Bf5 4. Nf3 e6 5. Be2 Nd7 6. O-O Ne7 7. Nbd2 Bg6 8. Nh4
c5 9. c3 Nf5 10. Nxg6 hxg6 11. Nf3 Nb8 12. b4 c4 13. a4 Be7 14. g3 Nd7 15. Re1
Qc7 16. Bf4 Nf8 17. a5 Nh7 18. Qc1 O-O-O 19. Bd1 Rdg8 20. Kg2 Qd8 21. h4 Kb8 22.
Ba4 Qc8 23. Qd2 Ka8 24. Rh1 Bd8 25. Rh3 Ne7 26. Rah1 f6 27. Re1 Nf8 28. Rhh1 Rh7
29. Re2 Rgh8 30. Rhe1 Nf5 31. Ra1 Be7 32. a6 b6 33. Ree1 Bd8 34. Bb5 Rh5 35. Rh1
Ne7 36. Rae1 R5h7 37. Nh2 Nf5 38. Ng4 Rh5 39. Qd1 g5 40. hxg5 fxg5 41. Rxh5 Rxh5
42. Bd2 Qc7 43. Be8 Rh7 44. Rh1 Nh6 45. Qf3 Qe7 46. Bc6+ Kb8 47. Bxg5 Qxg5 48.
Qxf8 1-0

[Event "Olimpiade 2014 - Open"]
[Site "Tromsø"]
[Date "04.08.2014"]
[Round "3.11"]
[Board "3"]
[White "Almasi, Zoltan"]
[Black "Yu, Yangyi"]
[Result "0-1"]
[WhiteTitle "GM"]
[BlackTitle "GM"]
[WhiteElo "2690"]
[BlackElo "2668"]
[WhiteTeam "Hungary"]
[BlackTeam "China"]
[WhiteFideId "702293"]
[BlackFideId "8603820"]
[EventDate "2014.08.02"]

1. e4 c5 2. Nf3 d6 3. d4 cxd4 4. Nxd4 Nf6 5. Nc3 a6 6. Be2 e5 7. Nb3 Be7 8. O-O
O-O 9. Re1 Be6 10. Bf3 a5 11. a4 Na6 12. Bg5 h6 13. Bxf6 Bxf6 14. Nb5 Qb6 15.
Nd2 Rfd8 16. Nf1 Nc5 17. Qe2 d5 18. exd5 Bxd5 19. Bxd5 Rxd5 20. Ne3 Rd7 21. Rad1
Rad8 22. b3 Qe6 23. Rxd7 Rxd7 24. Rd1 e4 25. Rxd7 Qxd7 26. Qc4 Be7 27. Nc3 Qc6
28. g3 Bf8 29. Qd5 Qe8 30. Nc4 g6 31. Ne5 Kg7 32. Nxe4 Nxe4 33. Qxe4 Bd6 34. f4
Qe6 35. Qd4 f6 36. Nf3 g5 37. fxg5 hxg5 38. Kf2 b6 39. Qd3 Bc5+ 40. Nd4 Qd5 41.
c3 Qxb3 42. Kf3 g4+ 43. Kxg4 Qxa4 44. Kf3 Bxd4 45. cxd4 b5 46. d5 b4 47. d6 Qd7
48. h4 b3 49. Qxb3 Qc6+ 50. Kg4 Qxd6 51. Qb7+ Kh6 52. Qa8 Qd7+ 53. Kf4 Qc7+ 54.
Kf3 Kg7 55. Qe8 Qc3+ 56. Kg2 Qc2+ 57. Kh3 Qf5+ 58. Kg2 Qd5+ 59. Kh2 Qa2+ 60. Kh3
Qf7 61. Qa4 Qe6+ 62. Kh2 Qe2+ 63. Kh3 Qf1+ 64. Kh2 Qf5 65. Qe8 Qe5 66. Qd7+ Kg6
67. Qd3+ Qf5 68. Qe2 Kf7 69. Qc4+ Kg7 70. Qc7+ Kg6 71. Qc4 Qf2+ 72. Kh3 Qf5+ 73.
Kg2 Kg7 74. Qc7+ Kh6 75. Qc6 Qe5 76. Qc4 Qd6 77. g4 Qd7 78. Qf4+ Kg7 79. g5 Qd5+
80. Kf2 Qc5+ 81. Ke2 Qe5+ 82. Qe3 Qxe3+ 83. Kxe3 f5 84. h5 a4 85. Kf4 a3 0-1

[Event "Olimpiade 2014 - Open"]
[Site "Tromsø"]
[Date "04.08.2014"]
[Round "3.11"]
[Board "4"]
[White "Ni, Hua"]
[Black "Rapport, Richard"]
[Result "1/2-1/2"]
[WhiteTitle "GM"]
[BlackTitle "GM"]
[WhiteElo "2666"]
[BlackElo "2704"]
[WhiteTeam "China"]
[BlackTeam "Hungary"]
[WhiteFideId "8601160"]
[BlackFideId "738590"]
[EventDate "2014.08.02"]

1. e4 e6 2. d4 d5 3. Nd2 b6 4. Ngf3 Nf6 5. Bd3 c5 6. exd5 exd5 7. O-O Be7 8. c4
O-O 9. cxd5 cxd4 10. Nxd4 Qxd5 11. N2f3 Bc5 12. Nb3 Nbd7 13. Be2 Bb7 14. Qxd5
Nxd5 15. Nxc5 Nxc5 16. Rd1 Rfd8 17. Nd4 h6 18. Bd2 Ne4 19. Be1 Nf4 20. Bf1 Rd5
21. Ne2 Nd3 22. Nc3 Nxc3 23. Rxd3 Rxd3 24. Bxd3 Be4 25. Ba6 Nb1 26. f3 Bg6 27.
a4 Rd8 28. b4 Rd1 29. Kf2 Rc1 30. Ra2 Nc3 31. Bxc3 1/2-1/2

[Event "Olimpiade 2014 - Open"]
[Site "Tromsø"]
[Date "04.08.2014"]
[Round "3.12"]
[Board "3"]
[White "Safarli, Eltaj"]
[Black "Palac, Mladen"]
[Result "1-0"]
[WhiteTitle "GM"]
[BlackTitle "GM"]
[WhiteElo "2649"]
[BlackElo "2563"]
[WhiteTeam "Azerbaijan"]
[BlackTeam "Croatia"]
[WhiteFideId "13402129"]
[BlackFideId "14500116"]
[EventDate "2014.08.02"]

1. e4 c5 2. Nf3 d6 3. d4 cxd4 4. Nxd4 Nf6 5. Nc3 a6 6. Be3 e5 7. Nf3 Be7 8. Bc4
O-O 9. O-O Qc7 10. Bb3 Be6 11. Nh4 g6 12. Bh6 Re8 13. Nf3 Nbd7 14. Ng5 Bc4 15.
Qf3 Bf8 16. Qh3 Bxb3 17. cxb3 Qd8 18. Rad1 Nh5 19. Bxf8 Nxf8 20. Qe3 Rc8 21. Rd2
Rc6 22. Rfd1 Nf6 23. Nf3 b5 24. b4 Qb8 25. Rd3 N8d7 26. Qh6 Nf8 27. Qd2 Rec8 28.
h3 Ne6 29. Qh6 Nf4 30. Re3 Ne6 31. Red3 Nf4 32. Ng5 Rxc3 33. Rxd6 R3c6 34. Rxf6
Rxf6 35. Rd7 Nxh3+ 36. gxh3 Rc1+ 37. Kg2 Rxf2+ 38. Kxf2 Qb6+ 39. Ke2 1-0

[Event "Olimpiade 2014 - Open"]
[Site "Tromsø"]
[Date "04.08.2014"]
[Round "3.12"]
[Board "4"]
[White "Kozul, Zdenko"]
[Black "Guseinov, Gadir"]
[Result "1/2-1/2"]
[WhiteTitle "GM"]
[BlackTitle "GM"]
[WhiteElo "2608"]
[BlackElo "2613"]
[WhiteTeam "Croatia"]
[BlackTeam "Azerbaijan"]
[WhiteFideId "14502879"]
[BlackFideId "13401378"]
[EventDate "2014.08.02"]

1. d4 d5 2. c4 c6 3. e3 Nf6 4. Nc3 g6 5. Nf3 Bg7 6. cxd5 cxd5 7. Bb5+ Nc6 8. Ne5
O-O 9. Bxc6 bxc6 10. Nxc6 Qd6 11. Ne5 Ne4 12. Nd3 Ba6 13. O-O Nxc3 14. bxc3 Rfc8
15. Qd2 Qc7 16. Bb2 Rab8 17. Rfb1 Bxd3 18. Qxd3 Bf8 19. Ba3 Qxc3 20. Qxc3 Rxb1+
21. Rxb1 Rxc3 22. Bc5 e6 23. Bxa7 Ra3 24. Rb7 Rxa2 25. g4 h6 26. h4 Bd6 27. g5
hxg5 28. hxg5 Kf8 29. Bb8 Bxb8 30. Rxb8+ Kg7 31. Rb7 Rc2 32. Kg2 Ra2 33. Kg3 Re2
34. Rb3 Re1 35. Kf4 1/2-1/2

[Event "Olimpiade 2014 - Open"]
[Site "Tromsø"]
[Date "04.08.2014"]
[Round "3.13"]
[Board "1"]
[White "Zhigalko, Sergei"]
[Black "Gelfand, Boris"]
[Result "1/2-1/2"]
[WhiteTitle "GM"]
[BlackTitle "GM"]
[WhiteElo "2678"]
[BlackElo "2753"]
[WhiteTeam "Belarus"]
[BlackTeam "Israel"]
[WhiteFideId "13502956"]
[BlackFideId "2805677"]
[EventDate "2014.08.02"]

1. e4 c5 2. Nf3 d6 3. d4 cxd4 4. Nxd4 Nf6 5. Nc3 a6 6. h3 e5 7. Nb3 Be6 8. Be3
Be7 9. Qf3 O-O 10. O-O-O b5 11. g4 b4 12. Nd5 Nxd5 13. exd5 Bc8 14. Bd3 a5 15.
Nd2 Nd7 16. h4 a4 17. Kb1 Ba6 18. Ne4 Qc7 19. Qe2 Bb7 20. c4 bxc3 21. Nxc3 a3
22. Nb5 Qa5 23. Bd2 Qb6 24. Be3 Qa5 25. Bd2 Qb6 26. Be3 Qa5 1/2-1/2

[Event "Olimpiade 2014 - Open"]
[Site "Tromsø"]
[Date "04.08.2014"]
[Round "3.13"]
[Board "3"]
[White "Aleksandrov, Aleksej"]
[Black "Smirin, Ilia"]
[Result "1/2-1/2"]
[WhiteTitle "GM"]
[BlackTitle "GM"]
[WhiteElo "2595"]
[BlackElo "2656"]
[WhiteTeam "Belarus"]
[BlackTeam "Israel"]
[WhiteFideId "13500139"]
[BlackFideId "2801990"]
[EventDate "2014.08.02"]

1. d4 d6 2. e4 Nf6 3. Nc3 g6 4. Nf3 Bg7 5. Be2 O-O 6. O-O Nc6 7. d5 Nb8 8. Re1
e5 9. dxe6 Bxe6 10. Nd4 Bd7 11. Bf4 Nc6 12. Nxc6 Bxc6 13. e5 dxe5 14. Qxd8 Raxd8
15. Bxe5 Nd5 16. Bxg7 Kxg7 17. Nxd5 Bxd5 18. Rad1 Bc6 19. f3 Rfe8 20. Kf2 Kf6
21. h4 h6 22. a3 g5 23. hxg5+ hxg5 24. Rh1 Rxd1 25. Rxd1 a5 26. b4 axb4 27. axb4
Ra8 28. b5 Be8 29. Rd5 c6 30. bxc6 Bxc6 31. Rc5 1/2-1/2

[Event "Olimpiade 2014 - Open"]
[Site "Tromsø"]
[Date "04.08.2014"]
[Round "3.13"]
[Board "4"]
[White "Postny, Evgeny"]
[Black "Stupak, Kirill"]
[Result "1/2-1/2"]
[WhiteTitle "GM"]
[BlackTitle "GM"]
[WhiteElo "2651"]
[BlackElo "2514"]
[WhiteTeam "Israel"]
[BlackTeam "Belarus"]
[WhiteFideId "2804344"]
[BlackFideId "13503758"]
[EventDate "2014.08.02"]

1. d4 Nf6 2. c4 e6 3. Nf3 b6 4. g3 Bb7 5. Bg2 Be7 6. Nc3 Ne4 7. Bd2 Nxc3 8. Bxc3
Be4 9. d5 Bf6 10. Rc1 O-O 11. O-O a5 12. Qd2 Na6 13. d6 cxd6 14. Qxd6 Bxc3 15.
Rxc3 Nc5 16. Rd1 Rc8 17. Re3 Bxf3 18. Bxf3 Qc7 19. b3 Rfd8 20. a3 Qxd6 21. Rxd6
Rb8 22. b4 axb4 23. axb4 Na6 24. Rb3 Kf8 25. c5 Ke7 26. e3 Nc7 27. Rxb6 Rxb6 28.
cxb6 Nb5 29. Be2 Nd6 30. Ba6 Rb8 31. b7 Nxb7 32. Bxb7 Rxb7 1/2-1/2

[Event "Olimpiade 2014 - Open"]
[Site "Tromsø"]
[Date "04.08.2014"]
[Round "3.14"]
[Board "1"]
[White "Navara, David"]
[Black "Ghaem Maghami, Ehsan"]
[Result "1-0"]
[WhiteTitle "GM"]
[BlackTitle "GM"]
[WhiteElo "2716"]
[BlackElo "2594"]
[WhiteTeam "Czech Republic"]
[BlackTeam "Iran"]
[WhiteFideId "309095"]
[BlackFideId "12500739"]
[EventDate "2014.08.02"]

1. e4 e5 2. Nf3 Nc6 3. Bb5 a6 4. Ba4 Nf6 5. O-O Be7 6. Re1 b5 7. Bb3 d6 8. c3
O-O 9. h3 Bb7 10. d4 Re8 11. Nbd2 Bf8 12. a3 h6 13. Bc2 Nb8 14. a4 Nbd7 15. Bd3
c6 16. Qc2 Qc7 17. b3 d5 18. dxe5 Nxe5 19. Nxe5 Qxe5 20. Nf3 Qc7 21. e5 Nd7 22.
Bf4 Nc5 23. Nd4 Nxd3 24. Qxd3 c5 25. Nf5 Qc6 26. Nd6 d4 27. f3 Bxd6 28. exd6
bxa4 29. cxd4 axb3 30. Qxb3 cxd4 31. Rxe8+ Rxe8 32. Rc1 Qd7 33. Rc7 Qf5 34. d7
Rd8 35. Qxb7 Qxf4 36. Rc8 Qe3+ 37. Kh1 Qe1+ 38. Kh2 Qe5+ 39. f4 Qxf4+ 40. g3
Qd2+ 41. Qg2 Qa5 42. Qc2 1-0

[Event "Olimpiade 2014 - Open"]
[Site "Tromsø"]
[Date "04.08.2014"]
[Round "3.14"]
[Board "2"]
[White "Moradiabadi, Elshan"]
[Black "Laznicka, Viktor"]
[Result "0-1"]
[WhiteTitle "GM"]
[BlackTitle "GM"]
[WhiteElo "2598"]
[BlackElo "2676"]
[WhiteTeam "Iran"]
[BlackTeam "Czech Republic"]
[WhiteFideId "12501255"]
[BlackFideId "316385"]
[EventDate "2014.08.02"]

1. Nf3 d5 2. d4 Nf6 3. c4 c6 4. e3 a6 5. Bd3 Bg4 6. Nbd2 e6 7. Qc2 dxc4 8. Qxc4
Nbd7 9. h3 Bh5 10. b4 Bd6 11. O-O Qe7 12. Rb1 O-O 13. e4 e5 14. dxe5 Bxe5 15.
Nh4 Rad8 16. Nf5 Qe8 17. f4 Bxf4 18. Nf3 Bb8 19. Bc2 Bg6 20. Bb2 Bxf5 21. exf5
Qe3+ 22. Kh1 Nh5 23. Rfe1 Ng3+ 24. Kh2 Ne4+ 25. Kh1 Nf2+ 26. Kg1 Nxh3+ 27. Kh1
Qg1+ 0-1

[Event "Olimpiade 2014 - Open"]
[Site "Tromsø"]
[Date "04.08.2014"]
[Round "3.14"]
[Board "3"]
[White "Hracek, Zbynek"]
[Black "Idani, Pouya"]
[Result "1/2-1/2"]
[WhiteTitle "GM"]
[BlackTitle "IM"]
[WhiteElo "2634"]
[BlackElo "2499"]
[WhiteTeam "Czech Republic"]
[BlackTeam "Iran"]
[WhiteFideId "300071"]
[BlackFideId "12510130"]
[EventDate "2014.08.02"]

1. d4 Nf6 2. Nf3 e6 3. c4 b6 4. g3 Bb4+ 5. Bd2 Be7 6. Nc3 c6 7. Rc1 O-O 8. Bg2
Ba6 9. Qa4 d5 10. Ne5 Qe8 11. cxd5 cxd5 12. Qxe8 Rxe8 13. e4 Bb7 14. exd5 Nxd5
15. Nxd5 Bxd5 16. Bxd5 exd5 17. Kd1 f6 18. Nd3 Na6 19. Re1 Kf7 20. Nf4 Rad8 21.
h4 Rd7 22. Re2 Nc7 23. a4 Bd6 24. Rxe8 Kxe8 25. Ne2 Re7 26. Bf4 Kd7 27. Bxd6
Kxd6 28. Kd2 g6 29. b4 Ne6 30. b5 Rc7 31. Rxc7 Nxc7 32. Ke3 Ne6 33. g4 h6 34.
Nc1 g5 35. hxg5 hxg5 36. Nd3 Nd8 37. f4 Nf7 38. Kf3 Ke6 39. Nb4 Nd8 40. Nc2 1/2-1/2

[Event "Olimpiade 2014 - Open"]
[Site "Tromsø"]
[Date "04.08.2014"]
[Round "3.14"]
[Board "4"]
[White "Golizadeh, Asghar"]
[Black "Babula, Vlastimil"]
[Result "1-0"]
[WhiteTitle "GM"]
[BlackTitle "GM"]
[WhiteElo "2490"]
[BlackElo "2549"]
[WhiteTeam "Iran"]
[BlackTeam "Czech Republic"]
[WhiteFideId "12505269"]
[BlackFideId "301264"]
[EventDate "2014.08.02"]

1. e4 c5 2. Nf3 Nc6 3. Bb5 e6 4. Bxc6 bxc6 5. d3 Ne7 6. h4 f6 7. Be3 d6 8. h5 e5
9. h6 g5 10. Nbd2 Ng6 11. c3 Be7 12. d4 cxd4 13. cxd4 O-O 14. O-O Kh8 15. Qc2
Bd7 16. Rfd1 Nf4 17. Nc4 Qe8 18. dxe5 dxe5 19. Nh2 Be6 20. Nd6 Qh5 21. Qxc6 g4
22. Qc7 Ng6 23. Nf1 1-0